000 00481nam a22001817a 4500
003 UA-OsUOA
001 8841
007 ta
008 20040921b un ||||| |||| 00| 0 ukr d
100 _aФольварочний В.
942 _cSA
040 _aUA-OsUOA
_cUA-OsUOA
_dUA-OsUOA
245 _aСказ : кінороман ( уривок )
300 _aС.4
955 _a0
773 0 _w0
_tЛітературна Украіна
_dКиїв
_d2004
_g№36
650 7 _aСказ
_2UDC
999 _c295002
_d295002